| 000 | 00507nam a2200217Ia 4500 | ||
|---|---|---|---|
| 999 |
_c96082 _d96082 |
||
| 003 | 0100 | ||
| 005 | 20170228115137.0 | ||
| 008 | 130307s9999 xx 000 0 und d | ||
| 020 | _a0275958906 | ||
| 040 | _cARRUPELIB | ||
| 050 | _aBF1078.B78 1997 | ||
| 100 |
_aBulkeley , Kelly _929134 |
||
| 245 | 3 | _aAn Introduction to the psychology of dreaming | |
| 260 | _aLondon | ||
| 260 | _bPraeger | ||
| 260 | _c1997 | ||
| 300 | _a129p. | ||
| 300 | _b25cm. | ||
| 650 |
_aDreams _912980 |
||
| 650 |
_bDream interpretation _929135 |
||
| 650 |
_bPsychology _920 |
||
| 942 |
_2lcc _cMONOGRAPH |
||